[Event "ODJM B 2022"]
[Site "Willingen GER"]
[Date "2022.06.05"]
[Round "2"]
[White "Visvikis, Kassandra"]
[Black "Kalina, Lena"]
[Result "0-1"]
[Termination "normal"]
[Board "2"]
[WhiteElo "1626"]
[BlackElo "1735"]
[WhiteClock "00:15:26"]
[BlackClock "00:12:58"]
[PlyCount "178"]
[WhiteFideId "36052167"]
[BlackFideId "12988014"]
[EventCountry "GER"]
[EventRounds "9"]
[EventType "swiss"]
[EventDate "2022.06.04"]

1. e4 {[%clk 1:30:58]} c5 {[%clk 1:30:54]} 2. Nf3 {[%clk 1:31:24]} Nc6 {[%clk
1:31:20]} 3. d4 {[%clk 1:31:50]} cxd4 {[%clk 1:31:46]} 4. Nxd4 {[%clk 1:32:15]}
g6 {[%clk 1:32:12]} 5. Nc3 {[%clk 1:31:21]} Bg7 {[%clk 1:32:29]} 6. Be3 {[%clk
1:31:33]} Nf6 {[%clk 1:32:40]} 7. Bc4 {[%clk 1:31:30]} O-O {[%clk 1:31:53]} 8.
Bb3 {[%clk 1:31:11]} Qa5 {[%clk 1:27:49]} 9. O-O {[%clk 1:29:51]} d6 {[%clk
1:25:54]} 10. Re1 {[%clk 1:24:12]} Ng4 {[%clk 1:20:51]} 11. Nxc6 {[%clk
1:21:12]} bxc6 {[%clk 1:21:04]} 12. Bd2 {[%clk 1:20:52]} Qe5 {[%clk 1:13:12]}
13. g3 {[%clk 1:16:00]} Qh5 {[%clk 1:10:17]} 14. h4 {[%clk 1:16:00]} Bd4 {[%clk
1:07:49]} 15. Rf1 {[%clk 1:13:28]} Qc5 {[%clk 1:02:12]} 16. Qf3 {[%clk
1:05:26]} Ne5 {[%clk 0:56:57]} 17. Qf4 {[%clk 1:03:26]} Bh3 {[%clk 0:49:10]}
18. Rfd1 {[%clk 0:57:45]} Bg4 {[%clk 0:43:59]} 19. Na4 {[%clk 0:54:13]} Qb5
{[%clk 0:35:43]} 20. c4 {[%clk 0:32:51]} Qa6 {[%clk 0:34:13]} 21. Rdc1 {[%clk
0:30:39]} c5 {[%clk 0:25:35]} 22. Bc3 {[%clk 0:21:23]} Bd7 {[%clk 0:21:55]} 23.
Bxd4 {[%clk 0:18:56]} cxd4 {[%clk 0:21:14]} 24. Nc5 {[%clk 0:19:19]} dxc5
{[%clk 0:16:50]} 25. Qxe5 {[%clk 0:19:41]} Qd6 {[%clk 0:16:45]} 26. Qd5 {[%clk
0:18:35]} Bc6 {[%clk 0:15:59]} 27. Qxd6 {[%clk 0:18:53]} exd6 {[%clk 0:16:25]}
28. f3 {[%clk 0:19:15]} Rab8 {[%clk 0:13:59]} 29. Rab1 {[%clk 0:17:00]} Rb7
{[%clk 0:11:26]} 30. Bc2 {[%clk 0:16:02]} Rfb8 {[%clk 0:10:51]} 31. b3 {[%clk
0:16:26]} a5 {[%clk 0:10:32]} 32. Kf2 {[%clk 0:13:37]} f6 {[%clk 0:09:11]} 33.
g4 {[%clk 0:12:39]} Kg7 {[%clk 0:06:38]} 34. Rg1 {[%clk 0:10:54]} Re8 {[%clk
0:05:09]} 35. Rbe1 {[%clk 0:09:39]} Rbe7 {[%clk 0:03:30]} 36. g5 {[%clk
0:08:48]} Rf7 {[%clk 0:01:45]} 37. h5 {[%clk 0:05:27]} fxg5 {[%clk 0:01:39]}
38. Rxg5 {[%clk 0:05:52]} Ref8 {[%clk 0:01:59]} 39. Rg3 {[%clk 0:06:13]} Rf4
{[%clk 0:01:25]} 40. hxg6 {[%clk 0:05:25]} hxg6 {[%clk 0:01:50]} 41. Reg1
{[%clk 0:04:33]} R4f6 {[%clk 0:00:38]} 42. Rh1 {[%clk 0:02:41]} Bd7 {[%clk
0:29:17]} 43. Bd3 {[%clk 0:30:08]} Rb8 {[%clk 0:25:25]} 44. Rhg1 {[%clk
0:27:56]} Be8 {[%clk 0:25:09]} 45. Rg5 {[%clk 0:26:47]} a4 {[%clk 0:23:16]} 46.
Bc2 {[%clk 0:17:17]} axb3 {[%clk 0:22:12]} 47. Bxb3 {[%clk 0:17:40]} Bc6 {[%clk
0:21:26]} 48. Ke2 {[%clk 0:13:36]} Rh8 {[%clk 0:19:27]} 49. R5g3 {[%clk
0:12:02]} Rh2+ {[%clk 0:11:33]} 50. R1g2 {[%clk 0:12:19]} Rxg2+ {[%clk
0:11:50]} 51. Rxg2 {[%clk 0:12:45]} Rf8 {[%clk 0:12:02]} 52. Rf2 {[%clk
0:12:03]} Ra8 {[%clk 0:10:53]} 53. Kd3 {[%clk 0:11:47]} Re8 {[%clk 0:08:45]}
54. Rb2 {[%clk 0:08:27]} Rb8 {[%clk 0:07:06]} 55. Rb1 {[%clk 0:06:53]} Ra8
{[%clk 0:05:03]} 56. Ra1 {[%clk 0:05:46]} Ba4 {[%clk 0:04:16]} 57. Kc2 {[%clk
0:04:32]} Kf6 {[%clk 0:03:55]} 58. f4 {[%clk 0:03:36]} Bxb3+ {[%clk 0:03:00]}
59. Kxb3 {[%clk 0:04:00]} Rb8+ {[%clk 0:03:21]} 60. Kc2 {[%clk 0:04:10]} g5
{[%clk 0:03:16]} 61. fxg5+ {[%clk 0:04:03]} Kxg5 {[%clk 0:03:20]} 62. Rf1
{[%clk 0:04:20]} Re8 {[%clk 0:03:41]} 63. Kd3 {[%clk 0:04:39]} Ra8 {[%clk
0:04:05]} 64. Rf2 {[%clk 0:04:48]} Ra3+ {[%clk 0:04:19]} 65. Ke2 {[%clk
0:05:02]} Rxa2+ {[%clk 0:04:43]} 66. Ke1 {[%clk 0:05:30]} Rxf2 {[%clk 0:05:03]}
67. Kxf2 {[%clk 0:05:56]} Kf4 {[%clk 0:05:30]} 68. Ke2 {[%clk 0:06:21]} Kxe4
{[%clk 0:05:55]} 69. Kd2 {[%clk 0:06:49]} d5 {[%clk 0:06:13]} 70. cxd5 {[%clk
0:07:07]} Kxd5 {[%clk 0:06:40]} 71. Kc2 {[%clk 0:07:33]} c4 {[%clk 0:07:05]}
72. Kd2 {[%clk 0:08:01]} Ke4 {[%clk 0:07:26]} 73. Ke2 {[%clk 0:08:27]} c3
{[%clk 0:07:41]} 74. Kd1 {[%clk 0:08:53]} d3 {[%clk 0:07:57]} 75. Kc1 {[%clk
0:09:20]} Ke3 {[%clk 0:08:19]} 76. Kd1 {[%clk 0:09:47]} Kf2 {[%clk 0:08:42]}
77. Kc1 {[%clk 0:10:11]} Ke2 {[%clk 0:09:07]} 78. Kb1 {[%clk 0:10:38]} d2
{[%clk 0:09:20]} 79. Kc2 {[%clk 0:11:06]} d1=Q+ {[%clk 0:09:42]} 80. Kxc3
{[%clk 0:11:29]} Qd3+ {[%clk 0:10:05]} 81. Kb4 {[%clk 0:11:55]} Qc2 {[%clk
0:10:21]} 82. Kb5 {[%clk 0:12:22]} Qc7 {[%clk 0:10:37]} 83. Kb4 {[%clk
0:12:48]} Qc6 {[%clk 0:11:01]} 84. Kb3 {[%clk 0:13:13]} Qc5 {[%clk 0:11:29]}
85. Kb2 {[%clk 0:13:37]} Qc4 {[%clk 0:11:53]} 86. Ka3 {[%clk 0:14:05]} Qb5
{[%clk 0:12:17]} 87. Ka2 {[%clk 0:14:30]} Kd3 {[%clk 0:12:40]} 88. Ka3 {[%clk
0:14:57]} Kc3 {[%clk 0:12:58]} 89. Ka2 {[%clk 0:15:26]} Qb2# 0-1

[Event "ODJM B 2022"]
[Site "Willingen GER"]
[Date "2022.06.05"]
[Round "2"]
[White "Ruddat, Jarne"]
[Black "Wechtenbruch, Jamie"]
[Result "0-1"]
[Termination "normal"]
[Board "5"]
[WhiteElo "1415"]
[BlackElo "1489"]
[WhiteClock "00:53:20"]
[BlackClock "00:06:39"]
[PlyCount "104"]
[WhiteFideId "16254236"]
[BlackFideId "16267737"]
[EventCountry "GER"]
[EventRounds "9"]
[EventType "swiss"]
[EventDate "2022.06.04"]

1. e4 {[%clk 1:30:59]} e5 {[%clk 1:30:42]} 2. Nf3 {[%clk 1:31:26]} Nc6 {[%clk
1:31:06]} 3. Nc3 {[%clk 1:31:22]} Nf6 {[%clk 1:27:13]} 4. d4 {[%clk 1:32:16]}
exd4 {[%clk 1:23:50]} 5. Nxd4 {[%clk 1:32:38]} Nxd4 {[%clk 1:20:14]} 6. Qxd4
{[%clk 1:33:01]} d6 {[%clk 1:16:44]} 7. Bc4 Be7 {[%clk 1:15:24]} 8. Be3 {[%clk
1:30:14]} Be6 9. Bb3 {[%clk 1:30:36]} Bxb3 {[%clk 1:09:46]} 10. axb3 {[%clk
1:31:00]} a6 {[%clk 1:10:05]} 11. Qb4 {[%clk 1:28:38]} Qc8 {[%clk 1:08:24]} 12.
Nd5 {[%clk 1:26:59]} Nxd5 {[%clk 1:06:54]} 13. exd5 {[%clk 1:27:18]} O-O {[%clk
1:06:50]} 14. O-O {[%clk 1:27:41]} Bf6 {[%clk 1:06:43]} 15. c3 {[%clk 1:27:47]}
b6 {[%clk 1:04:08]} 16. Qc4 {[%clk 1:27:20]} Qb7 {[%clk 1:02:49]} 17. Ra2
{[%clk 1:26:47]} Rfe8 {[%clk 1:00:22]} 18. Bd4 {[%clk 1:23:06]} Bxd4 {[%clk
1:00:20]} 19. cxd4 {[%clk 1:22:56]} Rec8 {[%clk 0:56:41]} 20. Rc1 {[%clk
1:23:05]} Kf8 {[%clk 0:55:09]} 21. b4 {[%clk 1:22:02]} h6 {[%clk 0:54:10]} 22.
b3 {[%clk 1:22:20]} b5 {[%clk 0:51:31]} 23. Qc6 {[%clk 1:22:10]} Qb6 {[%clk
0:51:08]} 24. g3 {[%clk 1:20:15]} Qxd4 {[%clk 0:48:05]} 25. Rxa6 {[%clk
1:20:27]} Rab8 {[%clk 0:47:45]} 26. Qd7 {[%clk 1:12:56]} Qxd5 {[%clk 0:42:56]}
27. Rxc7 {[%clk 1:12:14]} Rd8 {[%clk 0:42:02]} 28. Qe7+ {[%clk 1:11:44]} Kg8
{[%clk 0:40:44]} 29. Qe3 {[%clk 1:06:48]} Re8 {[%clk 0:22:11]} 30. Re7 {[%clk
1:05:04]} Rxe7 {[%clk 0:17:25]} 31. Qxe7 {[%clk 1:05:23]} Rc8 {[%clk 0:16:36]}
32. Qe3 {[%clk 1:05:08]} Ra8 {[%clk 0:10:08]} 33. Rxa8+ {[%clk 1:03:03]} Qxa8
{[%clk 0:10:28]} 34. h4 {[%clk 1:00:15]} Qa1+ {[%clk 0:09:43]} 35. Kg2 {[%clk
1:00:38]} Qe5 {[%clk 0:09:57]} 36. Qxe5 {[%clk 1:00:41]} dxe5 {[%clk 0:10:22]}
37. Kf3 {[%clk 1:01:05]} f5 {[%clk 0:10:09]} 38. g4 {[%clk 1:00:40]} g6 {[%clk
0:10:20]} 39. Ke3 {[%clk 0:54:41]} Kf7 {[%clk 0:08:36]} 40. f4 {[%clk 0:49:50]}
Ke6 {[%clk 0:06:36]} 41. h5 {[%clk 0:49:39]} gxh5 {[%clk 0:06:03]} 42. gxh5
{[%clk 0:49:51]} exf4+ {[%clk 0:05:21]} 43. Kxf4 {[%clk 0:50:14]} Kf6 {[%clk
0:05:45]} 44. Kf3 {[%clk 0:50:14]} Kg5 {[%clk 0:06:02]} 45. Kg3 {[%clk
0:50:38]} Kxh5 {[%clk 0:05:48]} 46. Kf4 {[%clk 0:51:00]} Kg6 {[%clk 0:06:10]}
47. Kf3 {[%clk 0:51:26]} Kg5 {[%clk 0:05:52]} 48. Kg3 {[%clk 0:51:52]} f4+
{[%clk 0:05:47]} 49. Kf3 {[%clk 0:52:17]} Kf5 {[%clk 0:06:11]} 50. Kf2 {[%clk
0:52:31]} Ke4 {[%clk 0:06:30]} 51. Ke2 {[%clk 0:52:54]} f3+ {[%clk 0:06:46]}
52. Kf2 {[%clk 0:53:20]} Kd3 {[%clk 0:06:39]} 0-1

[Event "ODJM B 2022"]
[Site "Willingen GER"]
[Date "2022.06.05"]
[Round "2"]
[White "Türel, Tugrul"]
[Black "Andrade, Ruben"]
[Result "1/2-1/2"]
[Termination "normal"]
[Board "8"]
[WhiteElo "1206"]
[BlackElo "1694"]
[WhiteClock "00:06:42"]
[BlackClock "00:02:20"]
[PlyCount "164"]
[WhiteFideId "26338408"]
[BlackFideId "16246829"]
[EventCountry "GER"]
[EventRounds "9"]
[EventType "swiss"]
[EventDate "2022.06.04"]

1. e4 {[%clk 1:30:57]} e5 {[%clk 1:30:56]} 2. Nf3 {[%clk 1:31:21]} Nc6 {[%clk
1:31:24]} 3. Bc4 {[%clk 1:31:44]} Bc5 {[%clk 1:31:51]} 4. c3 {[%clk 1:32:06]}
Nf6 {[%clk 1:32:17]} 5. d3 {[%clk 1:32:31]} d6 {[%clk 1:32:36]} 6. O-O {[%clk
1:32:45]} a6 {[%clk 1:32:49]} 7. Nbd2 {[%clk 1:33:05]} Ba7 {[%clk 1:32:08]} 8.
Bb3 {[%clk 1:32:41]} O-O {[%clk 1:32:24]} 9. Re1 {[%clk 1:33:06]} h6 {[%clk
1:30:42]} 10. Nf1 {[%clk 1:33:15]} Be6 {[%clk 1:30:28]} 11. Ng3 {[%clk
1:32:54]} Bxb3 {[%clk 1:29:37]} 12. Qxb3 {[%clk 1:32:47]} b5 {[%clk 1:22:45]}
13. a4 {[%clk 1:29:34]} Rb8 {[%clk 1:20:55]} 14. axb5 {[%clk 1:28:40]} axb5
{[%clk 1:21:03]} 15. Ra6 {[%clk 1:25:16]} Bb6 {[%clk 1:16:58]} 16. Be3 {[%clk
1:24:55]} Bxe3 {[%clk 1:14:03]} 17. fxe3 {[%clk 1:25:17]} Ne7 {[%clk 1:12:15]}
18. Rea1 {[%clk 1:21:51]} Ng6 {[%clk 1:05:21]} 19. Nf5 {[%clk 1:19:29]} Qd7
{[%clk 1:01:19]} 20. h3 {[%clk 1:17:41]} Kh7 {[%clk 0:59:20]} 21. g4 {[%clk
1:12:17]} d5 {[%clk 0:51:32]} 22. Qc2 {[%clk 0:37:19]} dxe4 {[%clk 0:45:54]}
23. dxe4 {[%clk 0:37:30]} Rbd8 {[%clk 0:45:29]} 24. Nxh6 {[%clk 0:26:34]} Kxh6
{[%clk 0:37:41]} 25. g5+ {[%clk 0:26:55]} Kh7 {[%clk 0:37:54]} 26. gxf6 {[%clk
0:27:20]} gxf6 {[%clk 0:36:07]} 27. Rxf6 {[%clk 0:27:47]} Kg7 {[%clk 0:29:32]}
28. Rf5 {[%clk 0:25:12]} Rh8 {[%clk 0:23:37]} 29. Kh2 {[%clk 0:19:55]} Rh6
{[%clk 0:16:08]} 30. Rg1 {[%clk 0:18:49]} f6 {[%clk 0:09:11]} 31. Rg3 {[%clk
0:16:40]} Qd3 {[%clk 0:04:57]} 32. Qxd3 {[%clk 0:16:29]} Rxd3 {[%clk 0:05:25]}
33. Ne1 {[%clk 0:16:57]} Rd2+ {[%clk 0:03:07]} 34. Rg2 {[%clk 0:17:16]} Rxg2+
{[%clk 0:03:31]} 35. Nxg2 {[%clk 0:17:44]} Nh4 {[%clk 0:03:37]} 36. Rf2 {[%clk
0:16:50]} Kf7 {[%clk 0:01:30]} 37. Ne1 {[%clk 0:14:29]} Ke6 {[%clk 0:00:35]}
38. Rd2 {[%clk 0:13:55]} Rh8 {[%clk 0:00:41]} 39. Rf2 {[%clk 0:12:17]} Ng6
{[%clk 0:00:37]} 40. Kg3 {[%clk 0:12:28]} Rh4 {[%clk 0:00:36]} 41. Nd3 {[%clk
0:12:41]} Rh8 {[%clk 0:25:33]} 42. Rd2 {[%clk 0:40:22]} Ne7 {[%clk 0:22:41]}
43. Nc5+ {[%clk 0:26:38]} Kf7 {[%clk 0:23:09]} 44. Rd7 {[%clk 0:21:54]} c6
{[%clk 0:21:54]} 45. Rd2 {[%clk 0:15:24]} Rg8+ {[%clk 0:13:31]} 46. Kh2 {[%clk
0:15:45]} Ra8 {[%clk 0:11:57]} 47. Rf2 {[%clk 0:14:15]} Rd8 {[%clk 0:12:05]}
48. h4 {[%clk 0:13:57]} Rh8 {[%clk 0:07:41]} 49. Kg3 {[%clk 0:14:00]} Rd8
{[%clk 0:02:52]} 50. h5 {[%clk 0:13:23]} Ng8 {[%clk 0:02:30]} 51. Kf3 {[%clk
0:09:50]} Rd1 {[%clk 0:01:52]} 52. Rh2 {[%clk 0:10:06]} Nh6 {[%clk 0:02:07]}
53. Ke2 {[%clk 0:10:08]} Rb1 {[%clk 0:01:36]} 54. Kd3 {[%clk 0:09:06]} Rd1+
{[%clk 0:01:47]} 55. Kc2 {[%clk 0:08:35]} Re1 {[%clk 0:02:07]} 56. Kd2 {[%clk
0:09:02]} Rb1 {[%clk 0:02:16]} 57. Nd3 {[%clk 0:08:59]} Rg1 {[%clk 0:01:36]}
58. Nb4 {[%clk 0:08:15]} Rb1 {[%clk 0:00:45]} 59. Kc2 {[%clk 0:07:14]} Re1
{[%clk 0:01:12]} 60. Rh3 {[%clk 0:07:41]} Re2+ {[%clk 0:00:51]} 61. Kb3 {[%clk
0:08:08]} c5 {[%clk 0:00:36]} 62. Na6 {[%clk 0:08:15]} c4+ {[%clk 0:00:55]} 63.
Ka3 {[%clk 0:08:44]} Re1 {[%clk 0:00:35]} 64. Nc7 {[%clk 0:08:52]} Ra1+ {[%clk
0:01:00]} 65. Kb4 {[%clk 0:09:17]} Rb1 {[%clk 0:01:23]} 66. Kxb5 {[%clk
0:09:23]} Rxb2+ {[%clk 0:01:40]} 67. Kxc4 {[%clk 0:09:48]} Rg2 {[%clk 0:01:49]}
68. Kc5 {[%clk 0:09:20]} Rg4 {[%clk 0:01:42]} 69. Kd5 {[%clk 0:09:34]} Ng8
{[%clk 0:01:22]} 70. Nb5 {[%clk 0:09:41]} Ne7+ {[%clk 0:01:42]} 71. Kc5 {[%clk
0:10:06]} Ke6 {[%clk 0:00:58]} 72. Nd6 {[%clk 0:08:38]} Rg8 {[%clk 0:00:45]}
73. h6 {[%clk 0:07:39]} Rd8 {[%clk 0:00:38]} 74. h7 {[%clk 0:07:00]} Ng6 {[%clk
0:00:57]} 75. Rg3 {[%clk 0:07:03]} Rh8 {[%clk 0:00:32]} 76. Rxg6 {[%clk
0:06:41]} Rxh7 {[%clk 0:01:00]} 77. Nf5 {[%clk 0:06:13]} Rc7+ {[%clk 0:01:16]}
78. Kb6 {[%clk 0:06:00]} Rxc3 {[%clk 0:01:30]} 79. Rg7 {[%clk 0:06:25]} Rc6+
{[%clk 0:01:09]} 80. Ka5 {[%clk 0:06:08]} Rc5+ {[%clk 0:01:33]} 81. Kb6 {[%clk
0:06:26]} Rc6+ {[%clk 0:01:59]} 82. Ka7 {[%clk 0:06:42]} Rc7+ {[%clk 0:02:20]}
1/2-1/2

[Event "ODJM B 2022"]
[Site "Willingen GER"]
[Date "2022.06.05"]
[Round "2"]
[White "Keuper, David"]
[Black "Hoffmann, Alexander"]
[Result "0-1"]
[Termination "normal"]
[Board "10"]
[WhiteElo "1243"]
[BlackElo "1638"]
[WhiteClock "00:04:28"]
[BlackClock "00:03:08"]
[PlyCount "70"]
[WhiteFideId "16287568"]
[BlackFideId "16240219"]
[EventCountry "GER"]
[EventRounds "9"]
[EventType "swiss"]
[EventDate "2022.06.04"]

1. d4 {[%clk 1:30:58]} Nf6 {[%clk 1:30:53]} 2. Nf3 {[%clk 1:31:18]} e6 {[%clk
1:31:09]} 3. e3 {[%clk 1:31:38]} b6 {[%clk 1:31:06]} 4. Bd3 {[%clk 1:31:49]}
Bb7 {[%clk 1:31:09]} 5. b3 {[%clk 1:31:38]} c5 {[%clk 1:26:23]} 6. Bb2 {[%clk
1:30:24]} Nc6 {[%clk 1:25:55]} 7. a3 {[%clk 1:29:45]} d5 {[%clk 1:23:51]} 8.
O-O {[%clk 1:29:29]} Bd6 {[%clk 1:21:28]} 9. Ne5 {[%clk 1:28:30]} Qc7 {[%clk
1:12:54]} 10. f4 {[%clk 1:28:33]} O-O-O {[%clk 0:59:30]} 11. Qe2 {[%clk
1:20:43]} Kb8 {[%clk 0:52:32]} 12. Nc3 {[%clk 1:19:26]} Qe7 {[%clk 0:48:51]}
13. Nb5 {[%clk 1:13:33]} Bxe5 {[%clk 0:44:18]} 14. fxe5 {[%clk 1:11:00]} Ne8
{[%clk 0:40:01]} 15. Bc1 {[%clk 0:53:23]} cxd4 {[%clk 0:36:04]} 16. exd4 {[%clk
0:43:17]} a6 {[%clk 0:29:29]} 17. Nc3 {[%clk 0:43:21]} Nxd4 {[%clk 0:28:48]}
18. Qf2 {[%clk 0:41:15]} Nc6 {[%clk 0:28:18]} 19. Qxb6 {[%clk 0:40:33]} Nxe5
{[%clk 0:25:59]} 20. Bxa6 {[%clk 0:39:58]} Qc7 {[%clk 0:18:27]} 21. Qb4 {[%clk
0:29:59]} f6 {[%clk 0:14:42]} 22. Be3 {[%clk 0:24:48]} Nc6 {[%clk 0:12:26]} 23.
Qb5 {[%clk 0:20:30]} d4 {[%clk 0:10:39]} 24. Bxb7 {[%clk 0:11:56]} Qxb7 {[%clk
0:08:48]} 25. Bf2 {[%clk 0:10:52]} dxc3 {[%clk 0:07:54]} 26. Qc4 {[%clk
0:10:01]} Nc7 {[%clk 0:07:02]} 27. Bg3 {[%clk 0:09:46]} e5 {[%clk 0:06:45]} 28.
Qxc3 {[%clk 0:09:01]} Nd4 {[%clk 0:06:02]} 29. Rfe1 {[%clk 0:08:31]} Nce6
{[%clk 0:05:21]} 30. Kf1 {[%clk 0:07:22]} Rc8 {[%clk 0:05:31]} 31. Qa5 {[%clk
0:06:57]} Nxc2 {[%clk 0:04:22]} 32. Bxe5+ {[%clk 0:06:44]} Nc7 {[%clk 0:04:09]}
33. Rec1 {[%clk 0:05:21]} Nxa1 {[%clk 0:03:06]} 34. Rc4 {[%clk 0:04:55]} Nxb3
{[%clk 0:02:54]} 35. Qa4 {[%clk 0:04:28]} Nd2+ {[%clk 0:03:08]} 0-1

[Event "ODJM B 2022"]
[Site "Willingen GER"]
[Date "2022.06.05"]
[Round "2"]
[White "Glotz, Richard"]
[Black "Brunner, Alexander"]
[Result "0-1"]
[Termination "normal"]
[Board "13"]
[WhiteElo "1607"]
[BlackElo "1666"]
[PlyCount "72"]
[WhiteFideId "34601520"]
[BlackFideId "12965278"]
[EventCountry "GER"]
[EventRounds "9"]
[EventType "swiss"]
[EventDate "2022.06.04"]

1. e4 d5 2. exd5 Qxd5 3. Nc3 Qa5 4. d4 Nf6 5. Bc4 Bg4 6. f3 Bh5 7. Nge2 Nc6 8.
Bd2 O-O-O 9. Nd5 Qa4 10. b3 Qa3 11. Bc1 Qd6 12. Bf4 e5 13. dxe5 Nxe5 14. Qd4
Re8 15. Qxa7 Nxd5 16. Qa8+ Kd7 17. Bb5+ c6 18. Qxb7+ Kd8 19. O-O-O Qd7 20. Qb8+
Qc8 21. Qb6+ Ke7 22. Rxd5 cxd5 23. Bxe8 Bg6 24. Nd4 Nd3+ 25. Kd2 Nxf4 26. Re1+
Ne6 27. Bc6 Kf6 28. g4 h5 29. Bxd5 Bc5 30. g5+ Kxg5 31. Nxe6+ fxe6 32. Re5+ Kh6
33. Qb5 exd5 34. Rxd5 Rd8 35. Qc4 Rxd5+ 36. Qxd5 Bb4+ 0-1

[Event "ODJM B 2022"]
[Site "Willingen GER"]
[Date "2022.06.05"]
[Round "2"]
[White "Schilay, Maria"]
[Black "Schwarz, David"]
[Result "1-0"]
[Termination "normal"]
[Board "14"]
[WhiteElo "1568"]
[BlackElo "1244"]
[PlyCount "121"]
[WhiteFideId "12942979"]
[BlackFideId "16287614"]
[EventCountry "GER"]
[EventRounds "9"]
[EventType "swiss"]
[EventDate "2022.06.04"]

1. e4 e5 2. Nf3 Nc6 3. Nc3 Nf6 4. a3 d5 5. Bb5 Nxe4 6. Qe2 Qd6 7. Nxe4 dxe4 8.
Qxe4 f6 9. d4 Bd7 10. dxe5 fxe5 11. Bd2 O-O-O 12. O-O-O Re8 13. Bc3 Qh6+ 14.
Kb1 Bd6 15. Rhe1 Qg6 16. Qxg6 hxg6 17. h3 Rhf8 18. Rd2 Rf7 19. Ng5 Rf5 20. Ne4
Be7 21. Red1 Rd8 22. f3 a6 23. Ba4 b5 24. Bb3 a5 25. Rd5 b4 26. axb4 axb4 27.
Be1 Be6 28. Rxd8+ Nxd8 29. Bxe6+ Nxe6 30. Ng3 Rf4 31. Rd5 Rd4 32. Rxe5 Kd7 33.
Re4 Rd1+ 34. Ka2 Nd4 35. Bf2 Nxc2 36. Rc4 Na1 37. Rd4+ Rxd4 38. Bxd4 Nc2 39.
Bxg7 Ne3 40. Ne4 Nxg2 41. Be5 g5 42. Kb3 Ke6 43. Bxc7 Nf4 44. Bxf4 gxf4 45. Kc4
Kf5 46. Kd5 b3 47. Kc4 Kg6 48. Kxb3 Kh5 49. Kc3 Kh4 50. b4 Kxh3 51. b5 Bd8 52.
Kd3 Kg2 53. Nd2 Ba5 54. Nc4 Kxf3 55. Nxa5 Kg2 56. Nc4 f3 57. Ne3+ Kg1 58. b6 f2
59. b7 f1=Q+ 60. Nxf1 Kxf1 61. b8=Q 1-0

[Event "ODJM B 2022"]
[Site "Willingen GER"]
[Date "2022.06.05"]
[Round "2"]
[White "Stülcken, Philipp"]
[Black "Bakó, Evelin"]
[Result "1-0"]
[Termination "normal"]
[Board "15"]
[WhiteElo "1513"]
[BlackElo "1214"]
[PlyCount "51"]
[WhiteFideId "12986232"]
[BlackFideId "16271823"]
[EventCountry "GER"]
[EventRounds "9"]
[EventType "swiss"]
[EventDate "2022.06.04"]

{[%evp 0,51,27,23,26,12,4,-23,13,11,28,-2,29,9,9,7,4,4,294,277,296,284,326,324,
327,313,346,315,369,379,366,350,339,335,469,454,501,516,524,524,542,544,587,
604,623,439,1347,1392,1598,1884,29983,29984,29985,29986]} 1. Nf3 Nf6 2. g3 d5
3. Bg2 e6 4. O-O Bd6 5. d3 c5 6. Nbd2 Nc6 7. Re1 O-O 8. e4 d4 9. e5 Nxe5 10.
Nxe5 Qc7 11. Ndc4 Bxe5 12. Nxe5 Nd7 13. Nxd7 Qxd7 14. Qh5 Qc7 15. Be4 f5 16.
Bg2 c4 17. Bf4 Qc5 18. dxc4 Qxc4 19. Be5 Rf7 20. Rad1 Bd7 21. Rxd4 Qxc2 22.
Red1 Rd8 23. Rxd7 Rdxd7 24. Rxd7 g6 25. Rd8+ Rf8 26. Qh6 1-0

[Event "ODJM B 2022"]
[Site "Willingen GER"]
[Date "2022.06.05"]
[Round "2"]
[White "Hartwig, Eric-Jordan"]
[Black "Bouhadjer, Youcef"]
[Result "1-0"]
[Termination "normal"]
[Board "16"]
[WhiteElo "1510"]
[BlackElo "1630"]
[PlyCount "93"]
[WhiteFideId "16298454"]
[BlackFideId "16251539"]
[EventCountry "GER"]
[EventRounds "9"]
[EventType "swiss"]
[EventDate "2022.06.04"]

1. e4 e6 2. Qe2 c5 3. Nf3 Nc6 4. d3 e5 5. g3 d6 6. Bg2 Bg4 7. c3 h6 8. h3 Be6
9. O-O Qd7 10. Kh2 Nf6 11. Be3 b5 12. Nbd2 g5 13. Ne1 Rc8 14. f4 Qc7 15. fxe5
Nd7 16. d4 Bc4 17. Nxc4 bxc4 18. Qxc4 Nb6 19. Qe2 dxe5 20. d5 Nd8 21. Qh5 Bg7
22. b3 Qd6 23. c4 a5 24. Nd3 Nd7 25. Bd2 Nf6 26. Qf3 Nb7 27. Qf5 O-O 28. Qxe5
Qxe5 29. Nxe5 Nxe4 30. Bxe4 Bxe5 31. Rae1 Rfe8 32. Bf5 Ra8 33. Bd7 Re7 34. Bc6
Rb8 35. Bc3 Bd6 36. Rxe7 Bxe7 37. Re1 Kf8 38. Bg7+ Kxg7 39. Rxe7 Nd6 40. Ra7
Kf6 41. Rxa5 Ke5 42. Rxc5 Kd4 43. Ra5 Ke3 44. c5 Ne4 45. d6 Rb4 46. Ra4 Rb8 47.
Rxe4+ 1-0

[Event "ODJM B 2022"]
[Site "Willingen GER"]
[Date "2022.06.05"]
[Round "2"]
[White "Mehner, Lorenz"]
[Black "Fellberg, Justus"]
[Result "0-1"]
[Termination "normal"]
[Board "17"]
[WhiteElo "1609"]
[BlackElo "1262"]
[PlyCount "242"]
[WhiteFideId "16293096"]
[BlackFideId "34608990"]
[EventCountry "GER"]
[EventRounds "9"]
[EventType "swiss"]
[EventDate "2022.06.04"]

1. d4 d5 2. c4 e6 3. Nc3 Nf6 4. cxd5 exd5 5. Bg5 Be7 6. e3 c6 7. Bd3 O-O 8. Qc2
h6 9. Bf4 Be6 10. h3 Nbd7 11. Nge2 Rc8 12. O-O Nh5 13. Bh2 f5 14. Kh1 Qe8 15.
Rg1 g6 16. g4 Ng7 17. Nf4 Bh4 18. Nxg6 Qxg6 19. gxf5 Qh5 20. fxe6 Rxf2 21. Be2
Qe8 22. exd7 Qxd7 23. Bg4 Qf7 24. Qd3 Rf8 25. Be5 Bf6 26. Bxf6 Qxf6 27. e4 Qh4
28. exd5 R8f3 29. Qxf3 Rxf3 30. Rg2 Rf6 31. dxc6 bxc6 32. Rag1 Kf8 33. d5 cxd5
34. Nxd5 Rf2 35. Kh2 h5 36. Bd1 Nf5 37. Rxf2 Qxf2+ 38. Rg2 Qd4 39. Bb3 Nh4 40.
Re2 Nf5 41. Kg2 Qd3 42. Rf2 Qg3+ 43. Kf1 Qxh3+ 44. Ke1 Qh1+ 45. Kd2 Qe4 46. Rf4
Qe5 47. Rf3 Kg7 48. Nc3 h4 49. Bc2 Nd4 50. Re3 Qf4 51. Bd3 h3 52. Ne2 Nxe2 53.
Kxe2 h2 54. Be4 Qg4+ 55. Kd3 Qd1+ 56. Kc3 Qc1+ 57. Kd3 Qb1+ 58. Kc3 Qc1+ 59.
Kd3 Qf1+ 60. Kc3 Kh6 61. b4 Kg5 62. Bd5 Qc1+ 63. Kd3 Qd1+ 64. Kc4 Qc2+ 65. Kb5
Qf5 66. Kc4 a6 67. Rd3 Qf4+ 68. Kb3 Qf1 69. Rd2 Qb1+ 70. Kc3 Qc1+ 71. Kd3 Qf1+
72. Kc3 Qe1 73. Kd3 Kf4 74. Re2 Qf1 75. Kd2 Qb1 76. Kc3 Qc1+ 77. Kd3 Qb1+ 78.
Kc3 h1=Q 79. Bxh1 Qxh1 80. Rc2 Qd5 81. a3 Ke3 82. Kb2 Qd4+ 83. Kb3 Kd3 84. Rc1
Qd5+ 85. Kb2 Qg2+ 86. Kb3 Qd2 87. Rc5 Qd1+ 88. Kb2 Qe2+ 89. Kb3 Kd4 90. Rc2 Qd1
91. Kb2 Qe1 92. Rc1 Qd2+ 93. Rc2 Qd3 94. Rc1 a5 95. bxa5 Qd2+ 96. Kb1 Qxa5 97.
Kb2 Qb5+ 98. Kc2 Qa4+ 99. Kb2 Kd3 100. Ka2 Kd2 101. Rb1 Qc4+ 102. Ka1 Qc3+ 103.
Ka2 Kc2 104. Rb4 Qc5 105. Ka1 Qf5 106. Ka2 Kc3 107. Rb3+ Kc4 108. Rb4+ Kc5 109.
Kb2 Qf2+ 110. Kb3 Qe2 111. Kc3 Qa2 112. Rb2 Qxa3+ 113. Kc2 Kc4 114. Kb1 Qd3+
115. Ka2 Qc3 116. Kb1 Qd3+ 117. Ka2 Qd1 118. Rb1 Qa4+ 119. Kb2 Qb3+ 120. Kc1
Qc3+ 121. Kd1 Kd3 0-1